National Assembly Library of Thailand
มุมมองปกติ มุมมองแบบ MARC
  • National Housing Authority

รายการ Corporate Name

จำนวนระเบียนที่ใช้: 1

001 - CONTROL NUMBER

  • control field: 7343

003 - CONTROL NUMBER IDENTIFIER

  • control field: NALT

005 - DATE AND TIME OF LATEST TRANSACTION

  • control field: 20170714130241.0

008 - FIXED-LENGTH DATA ELEMENTS

  • fixed length control field: 170714|| aca||aabn | a|a d

040 ## - CATALOGING SOURCE

  • Original cataloging agency: NALT
  • Transcribing agency: NALT

110 ## - HEADING--CORPORATE NAME

  • Corporate name or jurisdiction name as entry element: National Housing Authority

670 ## - SOURCE DATA FOUND

  • Source citation: Work cat.: (NALT)39181: National Housing Authority, Annual report 1994 National Housing Authority, 1994
หอสมุดรัฐสภา
สำนักงานเลขาธิการสภาผู้แทนราษฎร เลขที่ 1111 ถนนสามเสน แขวงถนนนครไชยศรี เขตดุสิต กรุงเทพฯ 10300
The Secretariat of the House of Representatives 1111 Samsen Road, Thanon Nakhon Chai Si, Dusit, Bangkok 10300, THAILAND
โทรศัพท์: +66(0) 2242 5900 ต่อ 5714-5 โทรสาร: +66(0) 2242 5990 อีเมล: [email protected]